Kraje według częściowych obrazów flag #4 - Statystyki

Ogólne statystyki
  • Ten quiz został rozwiązany 32 razy
  • Średni wynik to 12 z 16
Statystyki odpowiedzi
Obrazkowy Odpowiedź % Poprawnych
Argentyna
100%
Cypr
100%
Słowenia
97%
Tunezja
93%
Islandia
90%
Nowa Zelandia
90%
Czarnogóra
83%
Maroko
83%
Barbados
80%
Liban
80%
Kiribati
70%
Andora
63%
Malawi
53%
Tajwan
53%
Dominikana
43%
Boliwia
27%
Nie znaleziono quizów pasujących do podanych kryteriów
Rozkład punktacji
Procent ludzi z każdym wynikiem
Percentyl według liczby udzielonych odpowiedzi
Twoja historia wyników
Nie rozwiązałeś tego quizu